1989 All Blacks - Northern Hemisphere Tour Opponents - Statistics

General Stats
  • This quiz has been taken 20 times
  • The average score is 9 of 14
Answer Stats
Result Opponent % Correct
23-6 Ireland
100%
34-9 Wales
100%
21-10 Barbarians
77%
31-9 Munster
77%
25-15 Cardiff
69%
36-9 Leinster
69%
21-3 Ulster
69%
37-22 Swansea
62%
40-6 Connacht
54%
11-0 Llanelli
54%
54-9 Newport
46%
48-3 British Columbia
31%
26-15 Neath
31%
47-6 Pontypool
15%
No matching quizzes found
Score Distribution
Percent of People with Each Score
Percentile by Number Answered
Your Score History
You have not taken this quiz